Quizzes
Events
Quiz Creation
Community
Videos
Private Events
Remove Ads
Sign In
Join for FREE
Feedback
Dark Mode
Quiz Categories
Sports
Geography
Music
Movies
Television
Just For Fun
Miscellaneous
History
Literature
Language
Science
Gaming
Entertainment
Religion
Holiday
For Kids
Quiz Lab
Recent
Popular Today
Quiz Kudos Today
Editor Picks
Curator Picks
Quizzes by...
Day
Popularity
Type
Ratings
Length
Year
Community
Subscriptions
Recent Discussions
Orange Saloon
Badges
Playlists
Quests
Create
Leaderboards
Showdown
Live 5
Trivia Bingo
Activity
Puzzle Library
Sporcle Events
Private Events
Virtual Trivia
Globe League
Become a Host
Pub Owners
SporcleCon
Opinionation
Our Games
Videos
Blog
Mobile Apps
Partnerships
Remove Ads and Go Orange
Feedback
Music
Pop Music
The Beatles
Song
Album
Lyrics
Bands
Singers
Artist
Clip
Rock
Rap
Classical
Billboard
Country Music
Kpop
Taylor Swift
Music
Pop Music
The Beatles
Song
Album
Lyrics
Bands
Singers
Artist
Clip
Rock
Rap
Classical
Billboard
Country Music
Kpop
Taylor Swift
Random Quiz
Search Sporcle
×
Quiz Lab
Quiz Lab
Music
Artist
Type in answers that appear in a list
Type in answers that appear in a list
Classic
Best Score? Go Orange.
Gimme Five: Music Artists 3 Stats
Can you name the music artists from five of their song's titles?
By
Pedro188
7m
30 Questions
1,919 Plays
1,919 Plays
1,919 Plays
Comments
Comments
Give Quiz Kudos
Give Quiz Kudos
-
- Ratings
hide this ad
More Info
Forced Order
Answers have to be entered in order
Answers have to be entered in order
Replay
Link that replays current quiz
Next Quiz
Link to next quiz in quiz playlist
You Got
0%
They Got
Avg Score
77%
Avg Friend Score
Upgrade to see
Score Distribution
Jump to the score distribution portion of the page
Score
0/30
Timer
07:00
1
Play Today
Song Titles
Music Artist
% Correct
'Womanizer' /
'Hold It Against Me' /
'...Baby One More Time' /
'Oops!...I Did It Again' /
'Stronger'
Britney Spears
96.7%
'Firework' /
'I Kissed A Girl' /
'Teenage Dream' /
'Thinking Of You' /
'California Gurls*'
Katy Perry
96%
'Bad Romance' /
'Just Dance*' /
'Born This Way' /
'Paparazzi' /
'Telephone'
Lady Gaga
95.6%
'I Guess That's Why They Call It The Blues' /
'Crocodile Rock' /
'Rocket Man' /
'Can You Feel The Love Tonight' /
'Candle In The Wind'
Elton John
95.2%
'Another One Bites The Dust' /
'Bohemian Rhapsody' /
'Crazy Little Thing Called Love' /
'Don't Stop Me Now' /
'Somebody To Love'
Queen
93.7%
'One Of These Nights' /
'Hotel California' /
'Heartache Tonight' /
'Best Of My Live' /
'New Kid In Town'
Eagles
91%
'Every Little Thing She Does Is Magic' /
'Message In A Bottle' /
'Every Breath You Take' /
'Don't Stand So Close To Me' /
'Roxanne'
The Police
90.4%
'I'll Be There' /
'I Want You Back' /
'ABC' /
'The Love You Save' /
'Dancing Machine'
The Jackson 5
89.9%
'Paradise City' /
'Welcome To The Jungle' /
'November Rain' /
'Sweet Child O' Mine' /
'Patience'
Guns N Roses
89.8%
'Stayin' Alive' /
'Jive Talkin'' /
'Night Fever' /
'Tragedy' /
'You Should Be Dancing'
Bee Gees
87.5%
'Get Off Of My Cloud' /
'Honkey Tonk Women' /
'Paint It, Black' /
'(I Can't Get No) Satisfaction' /
'Jumpin' Jack Flash'
The Rolling Stones
86.2%
'London Bridge' /
'Big Girls Don't Cry' /
'Glamorous*' /
'Fergalicious*' /
'Clumsy'
Fergie
86.1%
'Rolling In The Deep' /
'Chasing Pavements' /
'Make You Feel My Love' /
'Someone Like You' /
'Hometown Glory'
Adele
84.5%
'Whole Lotta Love' /
'Stairway To Heaven' /
'Immigrant Song' /
'Kashmir' /
'Black Dog'
Led Zeppelin
83.5%
'You Can't Hurry Love' /
'In The Air Tonight' /
'Sussudio' /
'Easy Lover*' /
'Against All Odds (Take A Look At Me Now)'
Phil Collins
82.2%
Song Titles
Music Artist
% Correct
'9 To 5' /
'Jolene' /
'Here You Come Again' /
'Islands In The Stream*' /
'Heartbreaker'
Dolly Parton
78.6%
'Lose My Breath' /
'Bootylicious' /
'Bills, Bills, Bills' /
'Independent Woman Part I' /
'Survivor'
Destiny's Child
78.5%
'I'm Your Man' /
'Freedom' /
'Last Christmas' /
'Wake Me Up Before You Go-
Go' /
'Club Tropicana'
Wham!
76.6%
'Cracklin' Rosie' /
'Sweet Caroline' /
'Song Sung Blue' /
'Heartlight' /
'I Am...I Said'
Neil Diamond
76%
'Call Me' /
'The Tide Is High' /
'Atomic' /
'Heart Of Glass' /
'Rapture'
Blondie
75.7%
'Summer Of '69' /
'Heat Of The Night' /
'Run To You' /
'It's Only Love*' /
'Somebody'
Bryan Adams
75%
'Like A Rolling Stone' /
'Rainy Day Women #12 & 35' /
'Lay Lady Lay' /
'Blowin' In The Wind' /
'Positively 4th Street'
Bob Dylan
73.2%
'Rosanna' /
'Hold The Line' /
'Africa' /
'I'll Be Over You' /
'I Won't Hold You Back'
Toto
71.9%
'Jet' /
'Silly Love Songs' /
'Band On The Run' /
'Live And Let Die' /
'Mull Of Kintyre'
Paul McCartney (And Wings)
70.3%
'Burn' /
'OMG*' /
'Confessions Part II' /
'U Got It Bad' /
'Nice And Slow'
Usher
61.6%
'We Built This City' /
'Count On Me' /
'Sara' /
'Nothing's Gonna Stop Us Now' /
'Runaway'
Jefferson Starship
58.2%
'Stuck With You' /
'The Power Of Love' /
'Perfect World' /
'Jacob's Ladder' /
'Hip To Be Square'
Huey Lewis and the News
57.5%
'September' /
'Boogie Wonderland' /
'Let's Groove' /
'Shining Star' /
'Sing A Song'
Earth, Wind & Fire
50.6%
'The Way We Were' /
'Guilty' /
'Woman In Love' /
'No More Tears (Enough Is Enough)' /
'You Bring Me Flowers*'
Barbra Streisand
45.6%
'Need You Now' /
'Hello World' /
'I Run To You' /
'Our Kind Of Love' /
'American Honey'
Lady Antebellum
37.5%
Quiz Playlist
Details
Report
Send in Message
Add To Playlist
More Info:
Please Note: An asterisk denotes a duet or a song in which the focal artist has featured in.
Classic:
Type in answers that appear in a list
Forced Order:
Answers have to be entered in order
Last Updated: Feb 16, 2017
Quiz Scoreboard
CHALLENGE
Sign Up to Join the Scoreboard
Show All
Scores
Hide
Comments
May contain spoilers
Recently Published
Movies - When Are They Set?
by FPL_Elf
Movies
5m
Popular People in 1961
by mucciniale
History
6m
1-10 Letter E Words III
by El_Dandy
Language
2m
More to Explore
Quiz From the Vault
Featured Blog Post
Where Did the Easter Bunny Come From?
hide this ad
You Might Also Like...
Tags
Artist Quiz
Song Quiz
Five
gimme
Musician
Today's Top Quizzes in Music
Browse Music
hide this ad
Today's Top Quizzes in Artist
Browse Artist
Top Contributed Quizzes in Music
1
Taylor Swift All Songs (2024)
2
2010s Album by Cover III
3
One Thing in Common: Music
4
Guess the Artist- 70s Songs
5
Taylor Swift Logic Puzzle
6
Guess the Taylor Swift song (Mystery Song)
7
2010s Album by Cover IV
8
2010s Album by Cover V
9
KPOP LOGIC QUIZ
10
2010s Album by Cover VI
Explore More
Trending Topics
NBA
Marvel
Anime
Kpop
Crossword
Harry Potter
Disney
Soccer
Puzzle
WWE
NFL
Pokémon
The Office
Song
Country
hide this ad
More By:
Pedro188
Quiz
Plays
Rating
Category
Featured
Created
US States by Phonetic Name
126,647
4.38
Geography
Jun 4, 2011
Gimme Five: Actors And Actresses
107,269
4.12
Movies
Jul 2, 2011
Five Song Frenzy
76,683
4.12
Music
Jun 10, 2011
Gimme Five: Actors And Actresses II
66,153
4.28
Movies
Jul 2, 2011
US State Capitals by Phonetic Name
57,962
4.58
Geography
Jun 28, 2011
Go to Creator's Profile
Score Distribution
Quiz Creator Spotlight
Pedro188
Follow
Send a Message
Quizzes Created
-
Created Quiz Play Count
-
More By This Creator
Popular Quizzes Today
1
Find the Countries of Europe - No Outlines Minefield
2
Find the US States - No Outlines Minefield
3
The Countries of the World
4
Popular People in 1961
5
US States
6
1-10 Letter E Words III
7
Find the US States
8
One Thing in Common: World Cities II
More Music Quizzes
Red Velvet - Bad Boy Lyrics
Quiz Lab
Trending Quizzes
Risky Map Clicking: Least Populous States A-Z
1-10 Letter F Words
1-10 Letter G Words
One Thing in Common: United Kingdom
Risky Map Clicking: Next State Alphabetically
Recently Updated
Leaping Animals
pecheneg
Reality TV Shows (A-Z)
bhenderson79
Rickey Henderson's Hall of Fame Teammates
pecheneg
Champions League XIs: Arsenal
pecheneg
Quick Pick: Celebrities in WWE's Hall of Fame
aduchscher
A-Z Keypad Blitz II
pecheneg
Multiple Oscar Actors
pecheneg
Mystery Phrase Blitz: Oscar 'Best Actors'
pecheneg
F. Scott Fitzgerald Novels
LTH
Pick 3 Villains
ddd62291
Trending Topics
Anime
NBA
Kpop
Harry Potter
Disney
Crossword
Marvel
Soccer
Puzzle
The Office
Country
WWE
Pokémon
Song
NFL
Your Account Isn't Verified!
In order to create a playlist on Sporcle, you need to verify the email address you used during registration. Go to your
Sporcle Settings
to finish the process.
Report this User
Report this user for behavior that violates our
Community Guidelines
.
Details:
Send Report
Go to the Sporcle.com Mobile Site →
Comments